000 00620nam a2200241Ia 4500
003 OSt
005 20220927105215.0
006 a|||||r|||| 00| 0
007 ta
008 220926b |||||||| |||| 00| 0 eng d
020 _a8170235804
024 _a168851
037 _cReference Collections
040 _aRTL
_cRTL
_beng
041 _2eng
_aeng
082 _a"X991, N6"
100 _aRastogi P.N.
_9370949
245 0 _aGlobal Competitivness
_bPolicies and strategies
260 _c1996
300 _a246p
_ccm.
942 _h"X991, N6"
_cCC
999 _c691204
_d691204